| 000 | 01514njm a2200337 i 4500 | ||
|---|---|---|---|
| 001 | 4989 | ||
| 003 | ES-MaACL | ||
| 005 | 20250622050156.0 | ||
| 007 | s|r||||||||||| | ||
| 008 | 070907s1984 sp ||| g ||||||||1|nspa d | ||
| 245 | 0 | 0 |
_aNuevas tecnologías, nuevas profesiones _h[Grabación sonora] / _cintervienen Antonio Alabau, Julián Ariza, Pedro Montero, Eduardo Moreno y Antonio Puerta. |
| 260 |
_aMadrid : _bAteneo de Madrid, _c1984. |
||
| 300 |
_a3 discos (CD-DA) (2 h. 23 min. 26 seg.) ; _c12 cm. |
||
| 490 | 1 | _aEl derecho al trabajo y el impacto a las nuevas tecnologías | |
| 500 | _aDatos basados en la invitación. | ||
| 518 | _aActo organizado por el Ateneo de Madrid en colaboración con la Asociación pro Derechos Humanos de España, grabado en el salón de actos el martes, 26 de junio de 1984, a las 19:30 h. | ||
| 610 | 0 | 4 |
_aAteneo de Madrid- _xActos culturales- _y1984- _vGrabaciones sonoras _91899 |
| 650 | 1 | 4 |
_aTecnología- _xAspectos sociales. _917400 |
| 700 | 1 |
_aAlabau, Antonio. _919064 |
|
| 700 | 1 |
_aAriza, Julián. _922871 |
|
| 700 | 1 |
_aMontero, Pedro. _982499 |
|
| 700 | 1 |
_aMoreno, Eduardo. _983275 |
|
| 700 | 1 |
_aPuerta, Antonio. _994172 |
|
| 710 | 2 |
_aAteneo de Madrid. _91875 |
|
| 710 | 2 |
_aAsociación pro Derechos Humanos de España. _91785 |
|
| 830 | 0 |
_aEl derecho al trabajo y el impacto a las nuevas tecnologías _9176792 |
|
| 852 |
_aES-MaACL _jROT 5/6/9 _95106 _cROT |
||
| 852 |
_aES-MaACL _jROT 5/6/11 _9203680 _cROT |
||
| 942 | _2udc | ||
| 999 |
_c4989 _d4989 |
||